Welcome to CU Library Online Public Access Catalogue (OPAC)

Microsoft Office 2000 (Record no. 9166)

MARC details
000 -LEADER
fixed length control field 00507nam a22001577a 4500
005 - DATE AND TIME OF LATEST TRANSACTION
control field 20260325184248.0
008 - FIXED-LENGTH DATA ELEMENTS--GENERAL INFORMATION
fixed length control field 260325b |||||||| |||| 00| 0 eng d
020 ## - INTERNATIONAL STANDARD BOOK NUMBER
International Standard Book Number 9780760060506
050 ## - LIBRARY OF CONGRESS CALL NUMBER
Classification number HF5548.4 BES
100 ## - MAIN ENTRY--PERSONAL NAME
Personal name Beskeen, David W.
245 ## - TITLE STATEMENT
Title Microsoft Office 2000
Remainder of title illustrated introductory
Statement of responsibility, etc. David .W. Beskeen et al.
250 ## - EDITION STATEMENT
Remainder of edition statement Professional edition
260 ## - PUBLICATION, DISTRIBUTION, ETC.
Place of publication, distribution, etc. One Main Street, Cambridge
Name of publisher, distributor, etc. Course Technology
Date of publication, distribution, etc. 2000
300 ## - PHYSICAL DESCRIPTION
Extent xxiv. various paging
Other physical details ill. color
Dimensions 27.5cm
942 ## - ADDED ENTRY ELEMENTS (KOHA)
Source of classification or shelving scheme Library of Congress Classification
Koha item type Books
Suppress in OPAC No
999 ## -
-- 9166
-- 9166
Holdings
Withdrawn status Lost status Source of classification or shelving scheme Damaged status Not for loan Collection Home library Current library Shelving location Date acquired Total checkouts Full call number Barcode Date last seen Copy number Price effective from Koha item type
    Library of Congress Classification     Non-fiction Business Library (Miotso) Business Library (Miotso) General stacks 03/25/2026   HF5548.4 BES BSSM00003030 03/25/2026 1 03/25/2026 Books
    Library of Congress Classification     Non-fiction Business Library (Miotso) Business Library (Miotso) General stacks 03/25/2026   HF5548.4 BES BSSM00003031 03/25/2026 2 03/25/2026 Books
    Library of Congress Classification     Non-fiction Business Library (Miotso) Business Library (Miotso) General stacks 03/25/2026   HF5548.4 BES BSSM00003032 03/25/2026 3 03/25/2026 Books
    Library of Congress Classification     Non-fiction Business Library (Miotso) Business Library (Miotso) General stacks 03/25/2026   HF5548.4 BES BSSM00003033 03/25/2026 4 03/25/2026 Books
© 2023-2024 Copyright: Central University Libraries. All Rights Reserved | Created by: Mahone Tech Office